[Event "Parana-ch (Women)"]
[Site "Curitiba"]
[Date "2013.01.20"]
[Round "5"]
[White "Ferenczy, Vivien Delitsch"]
[Black "Balabuch Silvestre, Camila Luiza"]
[Result "1-0"]
[WhiteElo "1626"]
[BlackElo "1800"]
[PlyCount "81"]
[EventDate "2013.01.18"]
[EventType "swiss"]
[EventRounds "6"]
[EventCountry "BRA"]
[SourceTitle "EXT 2015"]
[Source "ChessBase"]
[SourceDate "2014.11.20"]
[SourceVersion "1"]
[SourceVersionDate "2014.11.20"]
[SourceQuality "1"]

1. c4 c6 2. e4 d5 3. exd5 cxd5 4. d4 Nf6 5. Nc3 Nc6 6. Nf3 e6 7. Be2 Bd6 8. Bg5 Be7 9. 0-0 0-0 10. a3 b6 11. b4 a6 12. h3 Qd6 13. Re1 Bb7 14. c5 Qc7 15. Qc2 bxc5 16. dxc5 Rfe8 17. Rad1 a5 18. b5 Ne5 19. Nxe5 Qxe5 20. Be3 Rac8 21. c6 Ba8 22. a4 Ne4 23. Nxe4 dxe4 24. Bd4 Qf4 25. Be3 Qe5 26. Rd4 f5 27. Red1 Red8 28. Rxd8+ Rxd8 29. Rxd8+ Bxd8 30. g3 g5 31. Qd2 Bc7 32. Bxg5 Qa1+ 33. Bd1 Qg7 34. Bd8 Kh8 35. Bxc7 Qxc7 36. Qd7 Qb6 37. Qe8+ Kg7 38. Qxa8 e3 39. Qb7+ Qxb7 40. cxb7 e2 41. Bxe2 1-0

[Event "Parana-ch (Women)"]
[Site "Curitiba"]
[Date "2013.01.18"]
[Round "1"]
[White "Balabuch Silvestre, Camila Luiza"]
[Black "Tavares, Imyra Cecilia"]
[Result "0-1"]
[WhiteElo "1800"]
[BlackElo "1920"]
[PlyCount "100"]
[EventDate "2013.01.18"]
[EventType "swiss"]
[EventRounds "6"]
[EventCountry "BRA"]
[SourceTitle "EXT 2015"]
[Source "ChessBase"]
[SourceDate "2014.11.20"]
[SourceVersion "1"]
[SourceVersionDate "2014.11.20"]
[SourceQuality "1"]

1. e4 e6 2. d4 d5 3. Nc3 Bb4 4. Bd3 c5 5. a3 Ba5 6. exd5 Qxd5 7. dxc5 Bxc3+ 8. bxc3 Qxg2 9. Qf3 Qxf3 10. Nxf3 Nd7 11. Be3 Ne7 12. Bd4 f6 13. a4 e5 14. Be3 Nd5 15. Nh4 g6 16. Rf1 Nxc3 17. Bc4 Ne4 18. f4 exf4 19. Rxf4 f5 20. Bd5 Nexc5 21. Bxc5 Nxc5 22. Nf3 Be6 23. Bxe6 Nxe6 24. Rc4 Rd8 25. Kf2 0-0 26. Rb4 Nc5 27. Rc4 Ne4+ 28. Kf1 Rf7 29. Re1 Rd5 30. Rb4 Rc7 31. c4 Rdc5 32. Rb3 Rxc4 33. Ra3 Rb4 34. Ra2 Rcc4 35. a5 Kg7 36. a6 b6 37. Kg2 Kf6 38. Ra3 Rb2+ 39. Kf1 g5 40. Rd3 g4 41. Nd4 Rd2 42. Ree3 Rc1+ 43. Re1 Rxe1+ 44. Kxe1 Rxd3 45. Nc6 Rd7 46. Ke2 Nc5 47. Kf2 Nxa6 48. Kg3 Nc5 49. h3 Rd3+ 50. Kf4 Ne6# 0-1

[Event "Parana-ch (Women)"]
[Site "Curitiba"]
[Date "2013.01.18"]
[Round "2"]
[White "Tonette, Janaine Gusmao"]
[Black "Balabuch Silvestre, Camila Luiza"]
[Result "0-1"]
[WhiteElo "1873"]
[BlackElo "1800"]
[PlyCount "66"]
[EventDate "2013.01.18"]
[EventType "swiss"]
[EventRounds "6"]
[EventCountry "BRA"]
[SourceTitle "EXT 2015"]
[Source "ChessBase"]
[SourceDate "2014.11.20"]
[SourceVersion "1"]
[SourceVersionDate "2014.11.20"]
[SourceQuality "1"]

1. d4 d5 2. Bg5 Bf5 3. e3 Nd7 4. c4 c6 5. Nc3 Qa5 6. Nf3 Ngf6 7. Be2 g6 8. 0-0 Bg7 9. Qb3 0-0 10. Rac1 Rfe8 11. cxd5 cxd5 12. Rfd1 Rac8 13. h3 e5 14. dxe5 Nxe5 15. Bxf6 Bxf6 16. Nxd5 Qd8 17. Nc7 Qe7 18. Nxe8 Rxe8 19. Nd4 Be4 20. f3 Bc6 21. Nxc6 bxc6 22. Bd3 Nxf3+ 23. gxf3 Qxe3+ 24. Kg2 Re5 25. Bc4 Rg5+ 26. Kh1 Qf4 27. Rc2 Rg3 28. Rg2 Rxf3 29. Qxf3 Qxf3 30. Rdg1 Bd4 31. Rf1 Qxh3+ 32. Rh2 Qg4 33. Rxf7 Qg1# 0-1